000 01437nam a2200313 i 4500
001 000038815
003 DO-SdBNP
005 20241022144804.0
007 ta
008 100407e1972 dr 000 0 spa d
040 _aDO-SdBNP
_bspa
_cBNPHU
_erda
082 4 _a972.9304
_bH565b, 1971
_222
100 1 _4aut.
_aHerrera, César A.,
_d1910-1988
_eautor
_98333
245 1 3 _aLa Batalla de las Carreras :
_bsus antecedentes históricos y consecuencias trascendentales /
_cCésar A. Herrera.
250 _a3a. edición
264 _aSanto Domingo :
_bEdiciones Renovación,
_c1972.
300 _a107 páginas ;
_c21 cm.
336 _atexto
_btxt
_2rdacontent
337 _asin mediación
_bn
_2rdamedia
338 _avolumen
_bnc
_2rdacarrier
500 _a(Primer premio en el Certamen Histórico organizado por la Academia Dominicana de la Historia, la Academia Dominicana de la Lengua y el Ateneo Dominicano, en celebración, en 1948, del Primer Centenario de la gloriosa batalla).
500 _aEsta 3a. edición tiene en su portada la fecha del 1971, pero esta fue impresa en el 1972.
586 _aPrimer premio en el Certámen Histórico Organizado por la Academia Dominicana dde la Historia
590 _aInventariado, 2024 / YL
600 4 _aSantana Familias, Pedro
_d1801-1864
_xVida militar
_986756
650 4 _aHistoria
_y1844-1861
_zRepública Dominicana
_986757
910 _aInventariado, 2020 / DG
942 _2ddc
_cLBS1
999 _c38305
_d38305